header

Religions of modernity (Record no. 83215)

MARC details
000 -LEADER
fixed length control field 01365nam a2200337Ia 4500
082 04 - DEWEY DECIMAL CLASSIFICATION NUMBER
Classification number 306.609/05
245 00 - TITLE STATEMENT
Title Religions of modernity
260 ## - PUBLICATION, DISTRIBUTION, ETC. (IMPRINT)
Place of publication Leiden ;
-- Boston :
Name of publisher Brill,
Year of publication 2010.
300 ## - PHYSICAL DESCRIPTION
Number of Pages xii, 273 p.
490 1# - SERIES STATEMENT
Series statement International studies in religion and society ;
500 ## - GENERAL NOTE
General note Includes index.
650 #0 - SUBJECT ADDED ENTRY--TOPICAL TERM
Topical Term Religion and civilization.
Topical Term Civilization, Modern
700 1# - ADDED ENTRY--PERSONAL NAME
Personal name Aupers, Stef,
Personal name Houtman, Dick.
856 40 - ELECTRONIC LOCATION AND ACCESS
Uniform Resource Identifier http://site.ebrary.com/lib/rucke/Doc?id=10419854

No items available.

© 2026 Rongo University
Contact us: librarian | system librarian | Rongo university